Treasures: Salar jung museum Hyderabad (Record no. 394624)

MARC details
000 -LEADER
fixed length control field 00501 a2200193 4500
005 - DATE & TIME
control field 20260128105035.0
008 - FIXED-LENGTH DATA ELEMENTS--GENERAL INFORMATION
fixed length control field 260127b |||||||| |||| 00| 0 eng d
020 ## - ISBN
International Standard Book Number 9789383098262
Price Rs. 995.00
040 ## - CATALOGING SOURCE
Original cataloging agency VIVEKANANDA LIBRARY
082 ## - DDC NUMBER
Classification number 069.09542
Book Number N213T
100 ## - MAIN ENTRY--PERSONAL NAME
Personal name National Culture Fund
245 ## - TITLE STATEMENT
Title Treasures: Salar jung museum Hyderabad
260 ## - PUBLICATION, DISTRIBUTION, ETC. (IMPRINT)
Name of publisher, distributor, etc Niyogi Books
Date of publication, distribution, etc 2013
Place of publication, distribution, etc New Delhi
300 ## - PHYSICAL DESCRIPTION
Pages 139
650 ## - Subject
Subject Museums
650 ## - Subject
Subject Museology
650 ## - Subject
Subject India-Hyderabad
942 ## - ADDED ENTRY ELEMENTS (KOHA)
Koha item type Books
Holdings
Withdrawn status Lost status Source of classification or shelving scheme Damaged status Not for loan Location (home branch) Sublocation or collection (holding branch) Shelving location Date acquired Koha issues (times borrowed) Koha full call number Accession No. Koha date last seen Koha item type
    Dewey Decimal Classification     VIVEKANANDA LIBRARY VIVEKANANDA LIBRARY Vivekananda Library 17/12/2025   069.09542 N213T 443716 17/12/2025 Books
© Designed and Maintained by Vivekananda Library, MDU Rohtak